| 000 | 00461nam a2200157Ia 4500 | ||
|---|---|---|---|
| 999 |
_c18142 _d18142 |
||
| 003 | OSt | ||
| 005 | 20200606120051.0 | ||
| 008 | 190216s9999||||xx |||||||||||||| ||und|| | ||
| 040 | _cMESKC library | ||
| 082 |
_a150 _bRAV/P |
||
| 100 |
_aRavat, Kirti Swaroop _9449 |
||
| 245 | 0 |
_aParamanovigyan / _cKirti Swaroop Ravat |
|
| 260 |
_bNational Publishing House, _aDelhi: _c1984. |
||
| 300 | _a232p | ||
| 942 |
_cBK _2ddc _h150 _iRAV/P _k150 _mRAV/P |
||